Principles of corporate insolvency law / (Record no. 9511)

MARC details
000 -LEADER
fixed length control field 01028cam a2200325 a 4500
001 - CONTROL NUMBER
control field 14305169
003 - CONTROL NUMBER IDENTIFIER
control field OSt
005 - DATE AND TIME OF LATEST TRANSACTION
control field 20211005134510.0
008 - FIXED-LENGTH DATA ELEMENTS--GENERAL INFORMATION
fixed length control field 060227s2005 enk 001 0 eng d
010 ## - LIBRARY OF CONGRESS CONTROL NUMBER
LC control number 2006386108
020 ## - INTERNATIONAL STANDARD BOOK NUMBER
International Standard Book Number 0421930209 (pbk)
040 ## - CATALOGING SOURCE
Transcribing agency HU
042 ## - AUTHENTICATION CODE
Authentication code lccopycat
043 ## - GEOGRAPHIC AREA CODE
Geographic area code e-uk-en
050 00 - LIBRARY OF CONGRESS CALL NUMBER
Classification number KD2149
Item number .G65 2005
082 ## - DEWEY DECIMAL CLASSIFICATION NUMBER
Classification number 346.42078
100 1# - MAIN ENTRY--PERSONAL NAME
Personal name Goode, Royston Miles.
9 (RLIN) 10222
245 10 - TITLE STATEMENT
Title Principles of corporate insolvency law /
Statement of responsibility, etc. Roy Goode.
250 ## - EDITION STATEMENT
Edition statement 3rd ed. [student ed.]
260 ## - PUBLICATION, DISTRIBUTION, ETC.
Place of publication, distribution, etc. London :
Name of publisher, distributor, etc. Sweet & Maxwell,
Date of publication, distribution, etc. 2005.
300 ## - PHYSICAL DESCRIPTION
Extent lxxxvi, 673 p. ;
Dimensions 23 cm.
500 ## - GENERAL NOTE
General note Previous ed. : 1997.
500 ## - GENERAL NOTE
General note "Student edition" - on cover.
650 #0 - SUBJECT ADDED ENTRY--TOPICAL TERM
Topical term or geographic name entry element Bankruptcy
Geographic subdivision England.
9 (RLIN) 10223
650 #0 - SUBJECT ADDED ENTRY--TOPICAL TERM
Topical term or geographic name entry element Liquidation
Geographic subdivision England.
9 (RLIN) 10224
650 #0 - SUBJECT ADDED ENTRY--TOPICAL TERM
Topical term or geographic name entry element Conflict of laws
General subdivision Bankruptcy
Geographic subdivision England.
9 (RLIN) 10225
906 ## - LOCAL DATA ELEMENT F, LDF (RLIN)
a 7
b cbc
c copycat
d 2
e ncip
f 20
g y-gencatlg
942 ## - ADDED ENTRY ELEMENTS (KOHA)
Source of classification or shelving scheme Dewey Decimal Classification
Koha item type Books like text book referance book
Suppress in OPAC No
Holdings
Withdrawn status Lost status Source of classification or shelving scheme Damaged status Not for loan Home library Current library Shelving location Date acquired Total Checkouts Full call number Barcode Date last seen Copy number Price effective from Koha item type
    Dewey Decimal Classification     Natural & Computational Science Library Natural & Computational Science Library General Stacks 10/05/2021   346.42078/GOO NSCLIB000016107 10/05/2021 1 10/05/2021 Books like text book referance book